000 00297nam a22001337a 4500
008 180813b xxu||||| |||| 00| 0 eng d
041 _aeng
080 _a618
082 _a618
100 _a10
101 _aGJIN
245 _aClinical Obstetrics and Gynecology
_cSabbagha,R.E
942 _2udc
_cBK
999 _c47060
_d47060